000 00747nam a2200289Ia 4500
005 20260324120726.0
008 008 260324s9999 xx 000 0 eng d
020 _a9781315763156
037 _aEBOOK
040 _aCRL
040 _beng
040 _cCRL
041 _2eng
041 _aeng
084 _qCRL
100 _aDaniel McMahon
_91159722
245 0 _aRethinking the Decline of China's Qing Dynasty
245 0 _bImperial Activism and Borderland Management at the Turn of the Nineteenth Century
260 _bTaylor and Francis
260 _c2014
365 _a
365 _b280
856 _uhttp://www.taylorfrancis.com/books/9781315763156
942 _cEBOOK
999 _c1751401
_d1751401